000 00683nam a2200169 i 4500
001 142390
003 ES-MaACL
005 20230906200517.0
007 t|
008 071005s1981 sp ||||1| spa d
100 1 _aVillacampa Rubio, María José.
_9114905
245 1 0 _aEstudio químico del calostro y leche humanos con especial referencia a su composición en ácidos grasos
_b: memoria presentada /
_cpor María José Villacampa Rubio.
260 _a[Zaragoza :
_bCaja de Ahorros de Zaragoza, Aragón y Rioja],
_c1981.
300 _a260 p. ;
_c24 cm.
710 2 _aCaja de Ahorros y Monte de Piedad de Zaragoza, Aragón y Rioja.
_92326
852 _aES-MaACL
_jL-4776
_bR.105584
999 _c142390
_d142390